| 000 | 00000nam 2200000za 4500 |
| 001 | 9.590239 |
| 003 | CaOODSP |
| 005 | 20221107134113 |
| 007 | cr ||||||||||| |
| 008 | 150406s1990 onc|||||o f00| 0 eng d |
| 020 | |a978-0-660-67488-9 |
| 040 | |aCaOODSP|beng |
| 041 | |aeng |
| 041 | |afre |
| 043 | |an-cn--- |
| 086 | 1 |aM86-13/1990-PDF |
| 245 | 00|aGazetteer of Canada.|pPrince Edward Island|h[electronic resource] = |bRépertoire géographique du Canada. Île-du-Prince-Édouard / |cpublished for the Canadian Permanent Committee on Geographical Names by the Geographical Services Division, Canada Centre for Mapping, Department of Energy, Mines and Resources Canada. |
| 250 | |a3rd edition. |
| 260 | |aOttawa : |bCanada Centre for Mapping,|c1990. |
| 300 | |a65p.|bmaps, tables |
| 500 | |a"Digitized by Publishing and Depository Services, Public Works and Government Services Canada - 2014" |
| 546 | |aText in English and in French. |
| 590 | |a14-18-Supp|b2014-10-15 |
| 710 | 1 |aCanada.|bNatural Resources Canada. |bCanadian Permanent Committee on Geographical Names. |
| 792 | |tGazetteer of Canada. |efre|w(CaOODSP)9.590240 |
| 856 | 40|ahttp://publications.gc.ca|qPDF|s6.04 MB|uhttps://publications.gc.ca/collections/collection_2014/rncan-nrcan/M86-13-1990.pdf |